[Event "Challenge"]
[Site "http://www.queenalice.com/game.php?id=629670"]
[Date "2009.8.3"]
[Round "-"]
[White "FBM"]
[Black "Mr_SPOCK"]
[Result "1-0"]
[WhiteElo "1444"]
[BlackElo "1478"]

1. e4 e5 2. Nf3 Bc5 3. d4 Bb4+ 4. Bd2 a5 5. dxe5 Nh6 6. c3 Bc5 7. Bxh6 gxh6 8.
Bc4 Bxf2+ 9. Kxf2 b5 10. Bxb5 c6 11. Qd4 cxb5 12. e6 O-O 13. exf7+ Rxf7 14. Rf1
Nc6 15. Qe3 Ne5 16. Kg1 Nxf3+ 17. Rxf3 Rxf3 18. Qxf3 Qb6+ 19. Kh1 Bb7 20. Nd2
Rf8 21. Qg4+ Kh8 22. Qxd7 b4 23. Qd4+ Qxd4 24. cxd4 Rf2 25. Rd1 a4 26. Kg1 Re2
27. d5 b3 28. axb3 axb3 29. Nxb3 Rxe4 30. Nc5 Rb4 31. Nxb7 Rxb7 32. d6 h5 33. d7
Rxd7 34. Rxd7 h6 35. b4 Kg8 36. b5 Kf8 37. b6 Ke8 38. Ra7 h4 39. Rh7 h5 40. b7
h3 41. b8=R# 1-0

[Event "AUTO-OPEN-1644"]
[Site "http://www.queenalice.com/game.php?id=629772"]
[Date "2009.8.3"]
[Round "1"]
[White "FBM"]
[Black "basilio"]
[Result "0-1"]
[WhiteElo "1577"]
[BlackElo "1504"]

1. d4 Nf6 2. Nc3 g6 3. e4 e6 4. e5 Nd5 5. Nxd5 exd5 6. Nf3 h6 7. Bd3 c6 8. O-O
d6 9. Re1 Bg7 10. c4 O-O 11. Bf4 dxe5 12. Bxe5 Bxe5 13. Nxe5 Qg5 14. Re3 Bf5 0-1

[Event "AUTO-OPEN-1644"]
[Site "http://www.queenalice.com/game.php?id=629773"]
[Date "2009.8.3"]
[Round "1"]
[White "basilio"]
[Black "FBM"]
[Result "1-0"]
[WhiteElo "1547"]
[BlackElo "1577"]

1. d4 d5 2. c4 e6 3. Nc3 Nf6 4. e3 Bb4 5. Bd2 Nc6 6. Be2 O-O 7. h3 e5 8. Nf3 e4
9. Ne5 Bxc3 10. Nxc6 bxc6 11. Bxc3 Ba6 12. Bb4 Re8 13. c5 Bxe2 14. Qxe2 a5 15.
Bd2 1-0

[Event "AUTO-OPEN-1644"]
[Site "http://www.queenalice.com/game.php?id=629774"]
[Date "2009.8.3"]
[Round "1"]
[White "FBM"]
[Black "alesson"]
[Result "1-0"]
[WhiteElo "1546"]
[BlackElo "1604"]

1. e4 e5 2. Nf3 d6 3. h3 Nf6 4. Nc3 a6 5. d4 exd4 6. Nxd4 c5 7. Nf3 h6 8. Be2
Be7 9. O-O O-O 10. Bd3 Nc6 11. Nd5 Nxd5 12. exd5 Nb4 13. c4 Nxd3 14. Qxd3 g6 15.
Bxh6 Re8 16. Qd2 Bf5 17. g4 Bd7 18. Kh2 b5 19. b3 Kh7 20. g5 a5 21. Qb2 Rg8 22.
h4 Rb8 23. Qe2 bxc4 24. bxc4 Bg4 25. Rab1 Rxb1 26. Rxb1 Bxf3 27. Qxf3 f6 28. Rb7
f5 29. Qb3 Rh8 30. Qb5 Kg8 31. Rb8 Qxb8 32. Qxb8+ Kh7 33. Qc7 Rg8 34. Qxe7+ Kh8
35. Qf6+ Kh7 36. Qxd6 a4 37. Qxc5 Re8 38. Qc7+ Kg8 39. Qg7# 1-0

[Event "AUTO-OPEN-1644"]
[Site "http://www.queenalice.com/game.php?id=629775"]
[Date "2009.8.3"]
[Round "1"]
[White "alesson"]
[Black "FBM"]
[Result "0-1"]
[WhiteElo "1603"]
[BlackElo "1517"]

1. e4 e5 2. Qh5 Nc6 3. Bb5 Nf6 4. Qg5 Nxe4 5. Qxd8+ Nxd8 6. d3 Nf6 7. Bg5 Be7 8.
Nf3 c6 9. Bxf6 Bxf6 10. Bc4 d5 11. Bb3 Bg4 12. Nfd2 O-O 13. c3 Ne6 14. h3 Bf5
15. Bc2 Nc5 16. Nb3 Nxd3+ 17. Bxd3 Bxd3 18. N1d2 b6 19. Nc1 Ba6 20. a4 c5 21. b4
cxb4 22. cxb4 e4 23. Rb1 Bc3 24. b5 Bxd2+ 25. Kxd2 Bb7 26. Re1 Rac8 27. Ne2 Rc4
28. Ra1 Rfc8 29. Ke3 Rb4 30. Nf4 Rc2 31. a5 d4# 0-1

[Event "AUTO-INT-1400"]
[Site "http://www.queenalice.com/game.php?id=629993"]
[Date "2009.8.3"]
[Round "1"]
[White "jartuga99"]
[Black "FBM"]
[Result "1/2-1/2"]
[WhiteElo "2087"]
[BlackElo "1503"]

1. e4 c5 2. Bc4 e6 3. a4 d5 4. exd5 exd5 5. Bb5+ Bd7 6. Qe2+ Be7 7. Nf3 Nf6 8.
d4 c4 9. Bxd7+ Nbxd7 10. O-O O-O 11. h3 Ne4 12. c3 a6 13. Nbd2 Nxd2 14. Nxd2 Re8
15. Qg4 Nf6 16. Qd1 b5 17. b4 Bd6 18. a5 Bc7 19. Nf3 Ne4 20. Qc2 Qd6 21. g3 Qg6
22. Nh4 Qe6 23. Kg2 h6 24. f4 Re7 25. f5 Qd7 26. Bf4 g5 27. fxg6 Bxf4 28. Rxf4
Rf8 29. gxf7+ Rexf7 30. Rg4+ Qxg4 31. hxg4 Rf2+ 32. Qxf2 Rxf2+ 33. Kg1 Rc2 34.
Nf5 Rxc3 35. Ne7+ Kh7 36. Nxd5 Rxg3+ 37. Kf1 Rxg4 38. Nc7 Nd2+ 39. Kf2 Rxd4 40.
Nxa6 c3 41. Nc5 Rxb4 42. a6 Nc4 43. Nd7 Ra4 44. Rxa4 bxa4 45. a7 c2 46. a8=Q
c1=Q 47. Qxa4 Qf4+ 48. Kg1 Qg4+ 49. Kh2 Qe2+ 50. Kh1 Qf1+ 51. Kh2 Qf4+ 52. Kh1
Qh4+ 53. Kg1 Qg3+ 54. Kh1 Qh3+ 55. Kg1 Qg3+ 56. Kh1 Qh3+ 57. Kg1 Qg3+ 1/2-1/2

[Event "AUTO-INT-1400"]
[Site "http://www.queenalice.com/game.php?id=629994"]
[Date "2009.8.3"]
[Round "1"]
[White "FBM"]
[Black "jartuga99"]
[Result "0-1"]
[WhiteElo "1446"]
[BlackElo "2079"]

1. e4 c5 2. Nf3 Nc6 3. Bb5 d6 4. O-O Bd7 5. Nc3 Nf6 6. d3 a6 7. Bxc6 Bxc6 8. Bg5
Nd7 9. Re1 h6 10. Be3 e5 11. Nd5 Bxd5 12. exd5 f5 13. c4 f4 14. Bd2 b5 15. b3 b4
16. a3 a5 17. a4 Qf6 18. g3 g5 19. Kg2 O-O-O 20. Qe2 g4 21. Rg1 gxf3+ 22. Qxf3
Bg7 23. g4 Qh4 24. h3 Rdf8 25. Kf1 e4 26. dxe4 Bxa1 0-1

[Event "AUTO-INT-1400"]
[Site "http://www.queenalice.com/game.php?id=630007"]
[Date "2009.8.3"]
[Round "1"]
[White "Constantino"]
[Black "FBM"]
[Result "1-0"]
[WhiteElo "1485"]
[BlackElo "1551"]

1. e4 e5 2. Nc3 Nf6 3. d4 exd4 4. Qxd4 Nc6 5. Qc4 d6 6. Bg5 Be7 7. Be2 Be6 8.
Qa4 O-O 9. O-O-O a6 10. Nf3 b5 11. Qa3 h6 12. Bxf6 Bxf6 13. Nd5 Ra7 14. Qd3 Bxd5
15. exd5 Ne5 16. Nxe5 Bxe5 17. g3 Qf6 18. c3 Qxf2 19. Rdf1 Qc5 20. a3 c6 21. b4
Qxc3+ 22. Qxc3 Bxc3 23. dxc6 Re8 24. Bf3 Re3 25. Bd5 a5 26. Kd1 Bb2 27. Kc2 Bxa3
28. Kd2 Re5 29. Bf3 Bxb4+ 30. Kd3 a4 31. Rc1 Bc5 32. Rhe1 f6 33. g4 a3 34. h4 a2
35. Kc2 Bd4 36. Kd3 a1=Q 37. Rxa1 Bxa1 38. Rxe5 fxe5 39. Bd5+ Kf8 40. Kc2 Ke7
41. Kb3 Kd8 42. Kb4 Kc7 43. Kxb5 Ra8 44. g5 Rb8+ 45. Kc4 Bd4 46. Kd3 Rf8 47. Ke4
Rf4+ 48. Kd3 Rxh4 49. gxh6 Rxh6 50. Ke4 g6 51. Kf3 g5 52. Kg4 Be3 53. Kf3 Bb6
54. Kg4 Be3 55. Kf3 Bf4 56. Kg4 1-0

[Event "AUTO-INT-1400"]
[Site "http://www.queenalice.com/game.php?id=630008"]
[Date "2009.8.3"]
[Round "1"]
[White "FBM"]
[Black "Constantino"]
[Result "1-0"]
[WhiteElo "1486"]
[BlackElo "1507"]

1. c4 e5 2. Nc3 Nf6 3. g3 Nc6 4. Bg2 Nd4 5. e3 Nf5 6. d4 Bb4 7. Bd2 exd4 8. exd4
Nxd4 9. a3 Qe7+ 10. Nge2 d6 11. O-O Nb3 12. Qxb3 Bc5 13. Nd5 Nxd5 14. Bxd5 Be6
15. Qxb7 O-O 16. Bxe6 Qxe6 17. Rfe1 Bd4 18. Nxd4 Qxc4 19. Bc3 c5 20. Nc6 Rfe8
21. Re7 Kf8 22. Rae1 Qd5 23. Qd7 g6 24. Rxe8+ Rxe8 25. Qxe8# 1-0

[Event "AUTO-INT-1400"]
[Site "http://www.queenalice.com/game.php?id=630015"]
[Date "2009.8.3"]
[Round "1"]
[White "chrysos101"]
[Black "FBM"]
[Result "1-0"]
[WhiteElo "2000"]
[BlackElo "1488"]

1. d4 e6 2. c4 d5 3. Nc3 Bb4 4. a3 Bxc3+ 5. bxc3 Ne7 6. Nf3 b6 7. Bg5 h6 8. Bh4
O-O 9. e3 Bb7 10. Bd3 c5 11. cxd5 Bxd5 12. c4 Bxf3 13. Qxf3 Nbc6 14. Qe4 g6 15.
O-O cxd4 16. exd4 Nxd4 17. Bxe7 Qxe7 18. Qxd4 Rad8 19. Qc3 f5 20. f4 Qc5+ 21.
Kh1 Rd4 22. h3 Rfd8 23. Rad1 e5 24. fxe5 Qxe5 25. Rfe1 Qg3 26. Re8+ Kf7 27. Rxd8
Rxd8 28. c5 Qc7 29. Bc4+ 1-0

[Event "AUTO-INT-1400"]
[Site "http://www.queenalice.com/game.php?id=630016"]
[Date "2009.8.3"]
[Round "1"]
[White "FBM"]
[Black "chrysos101"]
[Result "0-1"]
[WhiteElo "1465"]
[BlackElo "1975"]

1. e4 c5 2. Nf3 e6 3. d4 cxd4 4. Nxd4 Nf6 5. Bd3 Nc6 6. Nxc6 bxc6 7. Nc3 d5 8.
O-O d4 9. Ne2 e5 10. Bg5 Be7 11. c3 h6 12. Bxf6 Bxf6 13. Qc2 O-O 14. f4 dxc3 15.
Nxc3 exf4 16. Rxf4 Be5 17. Rff1 Qh4 18. g3 Qg5 19. Ne2 Qe3+ 20. Kg2 Bg4 21. Ng1
Rad8 22. Be2 Rd2 23. Qc4 Bxe2 0-1

[Event "AUTO-INT-1420"]
[Site "http://www.queenalice.com/game.php?id=639248"]
[Date "2009.8.20"]
[Round "1"]
[White "julioisdi"]
[Black "FBM"]
[Result "0-1"]
[WhiteElo "1376"]
[BlackElo "1536"]

1. e4 c5 2. e5 d5 3. Nc3 Nc6 4. Bb5 Bd7 5. h3 Nxe5 6. Bxd7+ Qxd7 7. d4 Nc6 8.
dxc5 e6 9. Nf3 Bxc5 10. O-O O-O-O 11. a3 Nge7 12. Re1 f6 13. Be3 d4 14. Bxd4
Nxd4 15. b4 Nxf3+ 16. Qxf3 Bb6 17. Ne4 Qa4 18. Qc3+ Kb8 0-1

[Event "AUTO-INT-1420"]
[Site "http://www.queenalice.com/game.php?id=639262"]
[Date "2009.8.20"]
[Round "1"]
[White "Liesel"]
[Black "FBM"]
[Result "1-0"]
[WhiteElo "1723"]
[BlackElo "1560"]

1. e4 e5 2. Nf3 Nc6 3. Bb5 d6 4. d4 exd4 5. Nxd4 Ne7 6. Nc3 Bd7 7. Be3 g6 8. Nf3
Bg7 9. Qd2 a6 10. Bc4 b5 11. Be2 O-O 12. Bh6 Ne5 13. Nxe5 dxe5 14. Bxg7 Kxg7 15.
O-O-O Be6 16. h4 Qxd2+ 17. Rxd2 f5 18. exf5 gxf5 19. Bf3 e4 20. Be2 Rad8 21.
Rxd8 1-0

[Event "AUTO-INT-1420"]
[Site "http://www.queenalice.com/game.php?id=639263"]
[Date "2009.8.20"]
[Round "1"]
[White "FBM"]
[Black "Liesel"]
[Result "0-1"]
[WhiteElo "1564"]
[BlackElo "1618"]

1. e4 e5 2. Nf3 Nc6 3. Bc4 Bc5 4. Nc3 Nf6 5. d3 O-O 6. Bg5 h6 7. Bh4 d6 8. Nd5
g5 9. Nxg5 hxg5 10. Bxg5 Bxf2+ 11. Kxf2 Ng4+ 0-1

[Event "AUTO-INT-1420"]
[Site "http://www.queenalice.com/game.php?id=639270"]
[Date "2009.8.20"]
[Round "1"]
[White "Pharaoh"]
[Black "FBM"]
[Result "1-0"]
[WhiteElo "1569"]
[BlackElo "1551"]

1. e4 c5 2. Nf3 Nc6 3. d4 cxd4 4. Nxd4 Nxd4 5. Qxd4 d6 6. f4 Qc7 7. Qc3 Qxc3+ 8.
Nxc3 Bd7 9. Bb5 O-O-O 10. Be3 Kb8 11. O-O-O e6 12. Rhe1 Nf6 13. e5 Ng4 14. exd6
Nxh2 15. Bxd7 Rxd7 16. Ne4 Ng4 17. Bd4 f5 18. Nf2 Nxf2 19. Bxf2 Rxd6 20. Rxd6
Bxd6 21. g3 Re8 22. Bd4 Re7 23. Rh1 g5 24. Be5 Bxe5 25. fxe5 Kc7 26. Rd1 1-0

[Event "AUTO-INT-1420"]
[Site "http://www.queenalice.com/game.php?id=639271"]
[Date "2009.8.20"]
[Round "1"]
[White "FBM"]
[Black "Pharaoh"]
[Result "0-1"]
[WhiteElo "1564"]
[BlackElo "1588"]

1. e4 e5 2. Nf3 d6 3. d4 exd4 4. Nxd4 Nf6 5. Nc3 Bd7 6. Bg5 Be7 7. Bd3 Nc6 8.
Nf3 Bg4 9. h3 Bh5 10. g4 Bg6 11. Qd2 Nd7 12. Bxe7 Nxe7 13. O-O-O O-O 14. Nd5
Nxd5 15. exd5 Bxd3 16. Qxd3 Re8 0-1

[Event "AUTO-OPEN-1663"]
[Site "http://www.queenalice.com/game.php?id=639350"]
[Date "2009.8.20"]
[Round "1"]
[White "FBM"]
[Black "cachoremaggi"]
[Result "0-1"]
[WhiteElo "1577"]
[BlackElo "1750"]

1. e4 e6 2. d4 d5 3. e5 c5 4. Bb5+ Bd7 5. Bxd7+ Nxd7 6. c3 Qb6 7. Qc2 Rc8 8. Be3
f6 9. Ne2 fxe5 10. dxe5 Nxe5 11. O-O Nf6 12. Nd2 Bd6 13. Nf4 O-O 14. Nxe6 Rfe8
15. Ng5 Neg4 16. Qd3 Nxe3 17. fxe3 Qc6 18. Rae1 c4 19. Qf5 Re5 20. Qf4 Rce8 0-1

[Event "AUTO-OPEN-1663"]
[Site "http://www.queenalice.com/game.php?id=639351"]
[Date "2009.8.20"]
[Round "1"]
[White "cachoremaggi"]
[Black "FBM"]
[Result "1-0"]
[WhiteElo "1759"]
[BlackElo "1568"]

1. e4 c5 2. Nf3 Nc6 3. Nc3 e6 4. d3 d5 5. exd5 exd5 6. Be2 Nf6 7. O-O Be7 8. Bd2
d4 9. Ne4 Nxe4 10. dxe4 O-O 11. Qc1 Be6 12. c4 Qc7 13. Bf4 Bd6 14. Bxd6 Qxd6 15.
Qg5 f6 16. Qc1 Ne5 17. b3 f5 18. exf5 Bxf5 19. Re1 Rae8 20. Bf1 1-0

[Event "AUTO-OPEN-1663"]
[Site "http://www.queenalice.com/game.php?id=639352"]
[Date "2009.8.20"]
[Round "1"]
[White "FBM"]
[Black "REDWOLF"]
[Result "1-0"]
[WhiteElo "1564"]
[BlackElo "1479"]

1. e4 e5 2. Nf3 Nc6 3. Bb5 Bc5 4. O-O Nf6 5. d3 O-O 6. Bg5 d5 7. exd5 Qxd5 8.
Nc3 Qd6 9. Re1 Ng4 10. Ne4 Qd7 11. Nxc5 f6 12. Nxd7 Bxd7 13. Bd2 a6 14. Bc4+ Kh8
15. h3 Nh6 16. Bxh6 b5 17. Bd5 gxh6 18. Nh4 Rae8 19. Qh5 Nd4 20. Rac1 Be6 21.
Bxe6 Nxe6 22. Qxh6 Nf4 23. Nf5 1-0

[Event "AUTO-OPEN-1663"]
[Site "http://www.queenalice.com/game.php?id=639353"]
[Date "2009.8.20"]
[Round "1"]
[White "REDWOLF"]
[Black "FBM"]
[Result "0-1"]
[WhiteElo "1493"]
[BlackElo "1550"]

1. e4 e5 2. Nf3 Nc6 3. Bc4 Be7 4. O-O Nf6 5. d4 exd4 6. Nxd4 Nxd4 7. Qxd4 c5 8.
Qe5 d6 9. Qf4 O-O 10. Qg3 Nxe4 11. Qf4 Nf6 12. Qg3 Ne4 13. Qf3 Ng5 14. Bxg5 Bxg5
15. Nc3 Qf6 16. Qxf6 Bxf6 17. Rad1 Bxc3 18. bxc3 Bf5 19. Bd3 Be6 20. a3 d5 21.
f4 f6 22. f5 Bf7 0-1

[Event "AUTO-OPEN-1663"]
[Site "http://www.queenalice.com/game.php?id=639354"]
[Date "2009.8.20"]
[Round "1"]
[White "FBM"]
[Black "Islander"]
[Result "0-1"]
[WhiteElo "1503"]
[BlackElo "1500"]

1. e4 d5 2. exd5 Nf6 3. c4 c6 4. dxc6 Nxc6 5. Nf3 e5 6. Nc3 e4 7. Ng5 Bf5 8. f3
Bc5 9. fxe4 Qd4 10. Qf3 Bg4 11. Qe3 Qd6 12. Qg3 Nd4 13. Bd3 Qd7 14. Qe5+ Be7 15.
Nd5 Nc6 16. Qc3 Nxd5 17. Qxg7 Bf6 18. Qh6 Ndb4 19. Bb1 Nd3+ 20. Kf1 Qd4 0-1